00927cam a2200217La 4500008004100000020002200041245016500063260005200228300003400280504004100314500002000355533015700375650005900532655003000591700001700621700002300638710002100661003000100682005001700683040000900700  a0585225583 (pbk.)00aRenewal at the schoolhouseh[computer file] :bmanagement ideas for library media specialists and administrators /cBen B. Carson and Jane Bandy Smith, editors. aEnglewood, Colo. :bLibraries Unlimited,c1993. axix, 156 p. :bill. ;c24 cm. aIncludes bibliographical references. aIncludes index. aElectronic reproduction.bBoulder, Colo. :cNetLibrary,d2000.nAvailable via World Wide Web.nAccess may be limited to NetLibrary affiliated libraries. 0aSchool librarieszUnited StatesxPersonnel management. 7aElectronic books.2local.1 aCarson, Ben.1 aSmith, Jane Bandy.2 aNetLibrary, Inc.20230123134205.0 cNUST